Major project report (Record no. 83296)

MARC details
000 -LEADER
fixed length control field 00715cab a22002055a 4500
001 - CONTROL NUMBER
control field L153449
008 - FIXED-LENGTH DATA ELEMENTS--GENERAL INFORMATION
fixed length control field 110729e20110807xxkado f s 000 0 eng d
035 ## - SYSTEM CONTROL NUMBER
System control number (Sirsi) u153449
041 0# - LANGUAGE CODE
Language code of text/sound track or separate title eng
245 00 - TITLE STATEMENT
Title Major project report
Remainder of title UK Games, a year to go
260 ## - PUBLICATION, DISTRIBUTION, ETC.
Date of publication, distribution, etc. 2011
490 ## - SERIES STATEMENT
Series statement New Civil Engineer Supplement
Volume/sequential designation July 2011
505 ## - FORMATTED CONTENTS NOTE
Formatted contents note Building the Games -- Olympic stadium -- Aquatics Centre -- Velodrome -- Creating the Park -- Other venues -- Public art -- Transport
520 ## - SUMMARY, ETC.
Summary, etc. Presents the finished venues for the 2012 Olympic Games in London.
590 ## - LOCAL NOTE (RLIN)
Local note KA
650 24 - SUBJECT ADDED ENTRY--TOPICAL TERM
Topical term or geographic name entry element OLYMPIC GAMES 2012
651 #4 - SUBJECT ADDED ENTRY--GEOGRAPHIC NAME
Geographic name United Kingdom
Chronological subdivision
690 ## - LOCAL SUBJECT ADDED ENTRY--TOPICAL TERM (OCLC, RLIN)
Topical term or geographic name as entry element BUILT ENVIRONMENT-CONSTRUCTION MANAGEMENT
942 ## - ADDED ENTRY ELEMENTS (KOHA)
Suppress in OPAC 0
Holdings
Withdrawn status Lost status Source of classification or shelving scheme Damaged status Not for loan Home library Current library Shelving location Date acquired Total Checkouts Full call number Barcode Date last seen Copy number Price effective from Koha item type
    Dewey Decimal Classification     London London Journal article 29/07/2011   L153449 153449-1001 06/08/2019 1 06/08/2019 Journal article